Po Collinásym Čemický - po študentoch ich pedagóg z programu Múzea Vojtecha Löfflera

Bibliographic Details
Main Author: Gazdag, Jozef (Author)
Format: Article
Language:Slovak
PhysicalDescription:Fotografie
Subjects:

MARC

LEADER 00000nab a2200000u 4500
001 vtls012287499
003 SK-MaSNL
005 20260304235224.0
008 251118|2005 xo ||||||| || ||slo|
038 |a KEVKJB 
040 |a KEVKJB  |b slo  |e rda 
041 0 |a slo 
043 |a e-xo--- 
044 |a xo  |c SK 
072 7 |a 72/76  |x Výtvarné umenie  |2 konspekt 
080 |a 72/76:069.9  |2 2011 
100 1 |a Gazdag, Jozef  |4 aut  |9 310850 
245 1 0 |a Po Collinásym Čemický - po študentoch ich pedagóg  |b z programu Múzea Vojtecha Löfflera  |c Jozef Gazdag 
300 |b Fotografie 
336 |a text  |b txt  |2 rdacontent 
337 |a bez média  |b n  |2 rdamedia 
338 |a zväzok  |b nc  |2 rdacarrier 
600 1 7 |a Collinásy, Juraj,  |d 1907-1963  |2 SNKMA  |9 38223 
600 1 7 |a Čemický, Ladislav  |d 1909-2000  |2 SNKMA  |9 54290 
610 2 7 |a Múzeum Vojtecha Löfflera  |2 SNKKA  |9 234955 
650 0 7 |a múzeá  |2 SNKPH  |9 4119 
650 0 7 |a umelecké výstavy  |2 SNKPH  |9 89689 
651 7 |a Košice (Slovensko)  |2 SNKPHgeo  |9 18694 
651 7 |a Staré Mesto (Košice I, Slovensko)  |2 SNKPHgeo  |9 160203 
773 0 |t Staromestské listy  |g Roč. 6., č. 1 (2005), s. 6 
852 |a KEVKJB  |b KIS3GCP 
999 |c 3208043  |d 3209973